guess the lyrics - twenty one pilots #2 - Statistics

General Stats
  • This quiz has been taken 113 times
  • The average score is 12 of 20
Answer Stats
line song % Correct
Metaphorically, I'm the man Ride
89%
Walk the layout, routines in the night Routines in the Night
89%
Don't trust a perfect person and don't trust a song that's flawless Lane Boy
87%
I want to say "hello" Trees
80%
And his four walls declared him insane The Judge
69%
Let's take this a second at a time Guns for Hands
65%
A route I've mapped a thousand times Paladin Strait
65%
Repeating simple phrases someone Holy insisted Doubt
64%
To break up and fall apart Fall Away
64%
They're calling for your head and they're calling for your name My Blood
64%
Self-sabotage is a sweet romance Choker
63%
It's with the people we praise who may have assisted Neon Gravestones
57%
Ride or die, my son No Chances
57%
Nothing you can do this time At the Risk of Feeling Dumb
53%
Pa, I hear them coming down the hall The Run and Go
52%
Pointless curses, nonsense verses Kitchen Sink
47%
But this time he decides that it's all right Johnny Boy
46%
They were having a special on chalupas Taco Bell Saga
46%
Running away don't make you wrong Bounce Man
41%
With cheap décor and flavored cheer Christmas Saves the Year
39%
No matching quizzes found
Score Distribution
Percent of People with Each Score
Percentile by Number Answered
Your Score History
You have not taken this quiz